Statistics for Easiest Foreign Languages For Spanish Speakers to Learn

Click here to take the quiz!

General Stats

  • This quiz has been taken 150 times
  • The average score is 8 of 10

Answer Stats

Answer % Correct
French
98%
English
97%
Italian
96%
Portuguese
93%
German
92%
Dutch
77%
Catalan
70%
Romanian
69%
Greek
41%
Afrikaans
23%

Score Distribution

Percentile by Number Answered

Percent of People with Each Score

Your Score History

You have not taken this quiz